La reconquista de Murcia en 1266 por Jaime I de Aragón / (Record no. 135671)

MARC details
000 -LEADER
campo de control de longitud fija 00539nam a2200181 i 4500
001 - NÚMERO DE CONTROL
campo de control 135671
003 - IDENTIFICADOR DE NÚMERO DE CONTROL
campo de control ES-MaACL
005 - FECHA Y HORA DE LA ÚLTIMA TRANSACCIÓN
campo de control 20230906194928.0
007 - CAMPO FIJO DE DESCRIPCIÓN FÍSICA--INFORMACIÓN GENERAL
campo de control de longitud fija t|
008 - DATOS DE LONGITUD FIJA--INFORMACIÓN GENERAL
campo de control de longitud fija 070730s1967 sp ||||1| spa d
080 ## - NÚMERO DE LA CLASIFICACIÓN DECIMAL UNIVERSAL
Número de la Clasificación Decimal Universal 946.741"12"
100 1# - ENTRADA PRINCIPAL--NOMBRE DE PERSONA
Nombre de persona Torres Fontes, Juan.
9 (RLIN) 110958
245 13 - MENCIÓN DEL TÍTULO
Título La reconquista de Murcia en 1266 por Jaime I de Aragón /
Mención de responsabilidad, etc. Juan Torres Fontes.
260 ## - PUBLICACIÓN, DISTRIBUCIÓN, ETC.
Lugar de publicación, distribución, etc. Murcia :
Nombre del editor, distribuidor, etc. Diputación,
Fecha de publicación, distribución, etc. [1967]
300 ## - DESCRIPCIÓN FÍSICA
Extensión 218 p. :
Otras características físicas il. ;
Dimensiones 20 cm.
651 #4 - PUNTO DE ACCESO ADICIONAL DE MATERIA--NOMBRE GEOGRÁFICO
Nombre geográfico Murcia-
Subdivisión general Historia.
9 (RLIN) 9094
852 ## - LOCALIZACIÓN
Ubicación ES-MaACL
Número de control de estantería C-32838
Sublocalización o colección R.63606
Holdings
Estatus retirado Estado de pérdida Estado de daño No para préstamo Biblioteca de origen Biblioteca actual Ubicación en estantería Fecha de adquisición Fuente de adquisición Total de préstamos Signatura topográfica completa Código de barras Visto por última vez Precio de reemplazo Tipo de ítem Koha
        Biblioteca del Ateneo de Madrid Biblioteca del Ateneo de Madrid Depósito 2 17/01/2008     C-32838 1141201 23/02/2023 23/02/2023 Libro impreso